<?xml version="1.0" encoding="UTF-8"?>
<record
    xmlns:xsi="http://www.w3.org/2001/XMLSchema-instance"
    xsi:schemaLocation="http://www.loc.gov/MARC21/slim http://www.loc.gov/standards/marcxml/schema/MARC21slim.xsd"
    xmlns="http://www.loc.gov/MARC21/slim">

  <leader>01261nam a22001817a 4500</leader>
  <controlfield tag="005">20150113150852.0</controlfield>
  <controlfield tag="008">130808b2011    ck ||||| |||| 00| 0 spa d</controlfield>
  <datafield tag="040" ind1=" " ind2=" ">
    <subfield code="a">CO-BoIAVH</subfield>
    <subfield code="c">CO-BoIAVH</subfield>
  </datafield>
  <datafield tag="041" ind1=" " ind2=" ">
    <subfield code="a">spa</subfield>
  </datafield>
  <datafield tag="044" ind1=" " ind2=" ">
    <subfield code="a">ck</subfield>
  </datafield>
  <datafield tag="090" ind1=" " ind2=" ">
    <subfield code="a">IAVH</subfield>
    <subfield code="b">01407</subfield>
  </datafield>
  <datafield tag="245" ind1="1" ind2="0">
    <subfield code="a">Implementaci&#xF3;n de herramientas de manejo del paisaje con los productores locales e integraci&#xF3;n de actividades de seguimiento al desarrollo agroecol&#xF3;gico llevado a cabo en la zona del DMI, para consolidar un proceso integral que favorezca la producci&#xF3;n y conservaci&#xF3;n del &#xE1;rea de SPBANMA</subfield>
  </datafield>
  <datafield tag="260" ind1=" " ind2=" ">
    <subfield code="a">Medell&#xED;n</subfield>
    <subfield code="b">Instituto de Investigaci&#xF3;n de Recursos Biol&#xF3;gicos Alexander von Humboldt</subfield>
    <subfield code="b">Asociaci&#xF3;n Red Colombiana de Agricultura Biol&#xF3;gica</subfield>
    <subfield code="c">2011</subfield>
  </datafield>
  <datafield tag="300" ind1=" " ind2=" ">
    <subfield code="a">360 p. </subfield>
  </datafield>
  <datafield tag="504" ind1=" " ind2=" ">
    <subfield code="a">Informe final de la implementaci&#xF3;n de herramientas del manejo del paisaje (Parte 1 de p. 1 - 48) .

Informe final del proceso de capacitaci&#xF3;n en formaci&#xF3;n ciudadana y restauraci&#xF3;n ecol&#xF3;gica (Parte 2 de p. 1 -  151)</subfield>
  </datafield>
  <datafield tag="520" ind1=" " ind2=" ">
    <subfield code="a">Este documento recoge un informe de las actividades realizadas en el componente de aplicaci&#xF3;n de herramientas de manejo de paisaje llevadas a cabo durante 7 meses en los municipios de Belmira, Entrerrios, San Jos&#xE9; de la Monta&#xF1;a y Sabanalarga.</subfield>
  </datafield>
  <datafield tag="942" ind1=" " ind2=" ">
    <subfield code="2">z</subfield>
    <subfield code="c">INFORME</subfield>
  </datafield>
  <datafield tag="999" ind1=" " ind2=" ">
    <subfield code="c">7523</subfield>
    <subfield code="d">7523</subfield>
  </datafield>
  <datafield tag="952" ind1=" " ind2=" ">
    <subfield code="0">0</subfield>
    <subfield code="1">0</subfield>
    <subfield code="2">z</subfield>
    <subfield code="4">0</subfield>
    <subfield code="7">0</subfield>
    <subfield code="8">HUMBOLDT</subfield>
    <subfield code="I">INV2017</subfield>
    <subfield code="a">Bogota</subfield>
    <subfield code="b">Bogota</subfield>
    <subfield code="d">2013-08-08</subfield>
    <subfield code="l">0</subfield>
    <subfield code="o">IAVH-01407</subfield>
    <subfield code="p">028605</subfield>
    <subfield code="r">2024-08-09 00:00:00</subfield>
    <subfield code="t">Ej. 1</subfield>
    <subfield code="w">2013-08-08</subfield>
    <subfield code="x">Dep&#xF3;sito Institucional</subfield>
    <subfield code="y">INFORME</subfield>
  </datafield>
</record>
